| 000 | 00792nam a22002177i 4500 | ||
|---|---|---|---|
| 999 |
_c23454 _d23454 |
||
| 003 | AR-CdUCM | ||
| 008 | 260119b20212021 pe||||| |||| 00| 0 spa d | ||
| 020 | _a978-612-4121-38-8 | ||
| 040 |
_aMUNICIPALIDAD PROVINCIAL DEL CUSCO _cBIBLIOTECA MUNICIPAL DEL CUSCO |
||
| 041 | _hspa | ||
| 082 |
_aES /498.56 / _bH76 |
||
| 100 |
_aHorberger S., Esteban / Horberger H., Nancy _952019 |
||
| 245 |
_aDiccionario Trilingue Quechua de Cusco : _bQhiswa - English - Castellano |
||
| 260 |
_aCusco : _bCentro de Estudios Regionales Andinos Bartolomé de las Casas CBC _c2021 |
||
| 300 |
_a351 páginas. : _c17x12 cm. |
||
| 505 | _aDiccionario trilingüe Quechua de Cusco | ||
| 650 |
_aDiccionario trilingüe _952020 |
||
| 856 | _fwww.cbc.org.pe | ||
| 942 |
_2ddc _cLIBROS |
||
| 945 |
_apbjr _d19-01-2026 |
||